Odd one out #1- North America - Statistics

General Stats
  • This quiz has been taken 6 times
  • The average score is 4 of 10
Answer Stats
Question Answer % Correct
Vancouver
67%
New York City
50%
Miami
50%
Monterrey
50%
Anchorage
33%
Edmonton
33%
Mexico City
33%
Panama City
33%
Port au Prince
17%
Havana
0%
No matching quizzes found
Score Distribution
Percent of People with Each Score
Percentile by Number Answered
Your Score History
You have not taken this quiz